Who moved the stone? (Record no. 16199)

000 -LEADER
fixed length control field 00468nam a2200169 a 4500
001 - CONTROL NUMBER
control field :::00018967$&:&@@
003 - CONTROL NUMBER IDENTIFIER
control field OkBaRHE
005 - DATE AND TIME OF LATEST TRANSACTION
control field 20010119104756.0
008 - FIXED-LENGTH DATA ELEMENTS--GENERAL INFORMATION
fixed length control field j 000 0 eng u
040 ## - CATALOGING SOURCE
Transcribing agency
100 1# - MAIN ENTRY--PERSONAL NAME
Personal name Morison, Frank
245 10 - TITLE STATEMENT
Title Who moved the stone?
260 ## - PUBLICATION, DISTRIBUTION, ETC. (IMPRINT)
Place of publication, distribution, etc London
Name of publisher, distributor, etc Faber and Faber Limited
300 ## - PHYSICAL DESCRIPTION
Extent 192 p.
942 ## - ADDED ENTRY ELEMENTS (KOHA)
Source of classification or shelving scheme
Koha item type Books
Copies
Source of classification or shelving scheme Koha item type Damaged status Copy number Barcode Lost status Date acquired Date last seen Price effective from Permanent Location Withdrawn status Full call number Not for loan Shelving location
 Books 118967 2010-04-142010-04-142010-04-14RHEMA Bible Training College BT 480 .M6 General Stacks